OMS manual de laboratorio para el examen del semen humano y de la interacción entre el semen y el moco cervical / (Registro nro. 22683)

Detalles MARC
000 -LEADER
fixed length control field 01143nam a2200301 4500
001 - CONTROL NUMBER
control field 0000018297
003 - CONTROL NUMBER IDENTIFIER
control field CO-CtgCURN
005 - DATE AND TIME OF LATEST TRANSACTION
control field 20250331185211.0
007 - PHYSICAL DESCRIPTION FIXED FIELD--GENERAL INFORMATION
fixed length control field ta
008 - FIXED-LENGTH DATA ELEMENTS--GENERAL INFORMATION
fixed length control field 160627s2001 000 0 eng d
020 ## - INTERNATIONAL STANDARD BOOK NUMBER
International Standard Book Number 8479036230
040 ## - CATALOGING SOURCE
Original cataloging agency CO-CtgCURN
Language of cataloging spa
Transcribing agency coctgcurn
082 0# - DEWEY DECIMAL CLASSIFICATION NUMBER
Classification number 616.075
Item number O74
100 1# - MAIN ENTRY--PERSONAL NAME
Personal name Organizacion Mundial de la Salud.
245 10 - TITLE STATEMENT
Title OMS manual de laboratorio para el examen del semen humano y de la interacción entre el semen y el moco cervical /
Statement of responsibility, etc. OMS , traducción Jorge A. Blaquier, Catalina Mercedes Blaquier.
250 ## - EDITION STATEMENT
Edition statement 4a. Ed.
260 ## - PUBLICATION, DISTRIBUTION, ETC.
Place of publication, distribution, etc. Madrid :
Name of publisher, distributor, etc. Editorial Medica Panamericana,
Date of publication, distribution, etc. 2001.
300 ## - PHYSICAL DESCRIPTION
Extent x, 152 p.
336 ## - CONTENT TYPE
Source rdacontent
337 ## - MEDIA TYPE
Source rdamedia
Media type term sin mediacion
Media type code n
338 ## - CARRIER TYPE
Source rdacarrier
Carrier type term volumen
Carrier type code nc
500 ## - GENERAL NOTE
General note Incluye bibliografia e indice \ Titulo original. Laboratory manual for the examination of human semen and sperm-cervical mucus interaction.
650 14 - SUBJECT ADDED ENTRY--TOPICAL TERM
Topical term or geographic name entry element Semen
General subdivision Análisis.
650 14 - SUBJECT ADDED ENTRY--TOPICAL TERM
Topical term or geographic name entry element Moco cervical
General subdivision Análisis.
908 ## - PUT COMMAND PARAMETER (RLIN)
Put command parameter 160627
942 ## - ADDED ENTRY ELEMENTS (KOHA)
Koha item type Libros
Classification part 616.075
Item part O74
Source of classification or shelving scheme Dewey Decimal Classification
Existencias
Withdrawn status Lost status Source of classification or shelving scheme Damaged status Not for loan Collection Home library Current library Shelving location Date acquired Inventory number Total checkouts Full call number Barcode Date last seen Price effective from Koha item type Public note
    Dewey Decimal Classification     General Miguel Henríquez Emiliani Miguel Henríquez Emiliani General 03/31/2025 008912   616.075 O74 008912 03/31/2025 03/31/2025 Libros 610-CIENME